[Event "Calvia Amateur op 21st"]
[Site "Calvia"]
[Date "2024.10.09"]
[Round "5"]
[White "Hristodorescu, Daniel"]
[Black "Midoux, Sebastien"]
[Result "0-1"]
[WhiteElo "2173"]
[BlackElo "2140"]
[PlyCount "76"]
[EventDate "2024.10.05"]
[EventType "swiss"]
[EventRounds "9"]
[EventCountry "ESP"]
[SourceTitle "CB45_2024"]
[Source "ChessBase"]
[SourceDate "2024.11.06"]
[SourceVersion "1"]
[SourceVersionDate "2024.11.06"]
[SourceQuality "1"]

1. e4 c5 2. Nc3 d6 3. d4 cxd4 4. Qxd4 Nc6 5. Qd2 e6 6. b3 d5 7. exd5 exd5 8. Nxd5 Be6 9. Nf4 Qf6 10. c3 Bc5 11. Nxe6 fxe6 12. Bb2 Rd8 13. Qe2 Nh6 14. Qh5+ Qg6 15. Qxc5 Rd5 16. Qxd5 exd5 17. 0-0-0 Ng4 18. Nh3 0-0 19. Rd2 Qh6 20. f4 Ne3 21. Bd3 Nxg2 22. Rxg2 Qxh3 23. Rg3 Qh6 24. Kb1 Qxf4 25. Rhg1 Rf7 26. c4 d4 27. Rg4 Qd2 28. Be4 Rf2 29. Rxg7+ Kf8 30. Ba3+ Nb4 31. Bxb4+ Qxb4 32. Bxh7 Qd2 33. Rg8+ Ke7 34. R8g7+ Kd8 35. Rg8+ Kc7 36. R8g7+ Kb6 37. R1g6+ Ka5 38. Rg5+ Ka6 0-1

[Event "Calvia Amateur op 21st"]
[Site "Calvia"]
[Date "2024.10.07"]
[Round "3"]
[White "Andersen, Lars Christoff"]
[Black "Midoux, Sebastien"]
[Result "0-1"]
[WhiteElo "1948"]
[BlackElo "2140"]
[PlyCount "66"]
[EventDate "2024.10.05"]
[EventType "swiss"]
[EventRounds "9"]
[EventCountry "ESP"]
[SourceTitle "CB45_2024"]
[Source "ChessBase"]
[SourceDate "2024.11.06"]
[SourceVersion "1"]
[SourceVersionDate "2024.11.06"]
[SourceQuality "1"]

1. Nf3 d5 2. g3 g6 3. Bg2 Bg7 4. d4 Nf6 5. 0-0 0-0 6. c3 a5 7. Nbd2 a4 8. Ne5 Nbd7 9. Nxd7 Bxd7 10. e4 dxe4 11. Nxe4 Nxe4 12. Bxe4 Qc8 13. Re1 Ra5 14. Bf4 Re8 15. Bf3 c6 16. Qd2 Be6 17. a3 Bd5 18. Qd3 h5 19. Be5 Qd7 20. Bxg7 Kxg7 21. Re5 Rb5 22. Bxd5 cxd5 23. Qe2 Rb3 24. Re1 e6 25. c4 dxc4 26. d5 Rd3 27. Qe4 exd5 28. Qf4 Rxe5 29. Qxe5+ Kh7 30. Qf6 Qf5 31. Qe5 Qd7 32. Qb8 Qf5 33. Re8 Qf6 0-1

[Event "Seville op 49th"]
[Site "Seville"]
[Date "2024.01.14"]
[Round "3"]
[White "Midoux, Sebastien"]
[Black "Fiorito, Joaquin"]
[Result "1/2-1/2"]
[WhiteElo "2123"]
[BlackElo "2401"]
[PlyCount "167"]
[EventDate "2024.01.12"]
[EventType "swiss"]
[EventRounds "9"]
[EventCountry "ESP"]
[SourceTitle "CBM 218 Extra"]
[Source "ChessBase"]
[SourceDate "2024.03.31"]
[SourceVersion "1"]
[SourceVersionDate "2024.03.31"]
[SourceQuality "1"]

1. e4 c5 2. Nf3 d6 3. d4 cxd4 4. Nxd4 Nf6 5. Nc3 a6 6. Bg5 Nc6 7. Qd2 e6 8. 0-0-0 Bd7 9. Kb1 Be7 10. f3 Nxd4 11. Qxd4 Qc7 12. Qd2 0-0-0 13. Be3 Bc6 14. Qf2 Nd7 15. Bd3 Kb8 16. Ne2 Nc5 17. Nd4 Bf6 18. c4 h5 19. Bc2 h4 20. Rd2 Ba4 21. b3 Qb6 22. Rc1 Rc8 23. Rdd1 Rhd8 24. Qd2 d5 25. cxd5 exd5 26. Bf4+ Ka8 27. e5 g5 28. exf6 gxf4 29. Qxf4 Bd7 30. Ka1 Qb4 31. Qd2 Qb6 32. Qf4 Rg8 33. g4 hxg3 34. hxg3 Qa5 35. Bf5 Bxf5 36. Qxf5 Rcd8 37. g4 Rge8 38. Qf4 Qb6 39. g5 Rh8 40. Qd2 Rh4 41. Qc3 Rc8 42. Kb1 Rhh8 43. Nf5 Ne6 44. Qd2 d4 45. Ne7 Rcd8 46. f4 Nc5 47. Qg2 d3 48. Nd5 Qd6 49. Ne3 Rhe8 50. Nc4 Qd4 51. Ne5 Qb4 52. Rc4 Qb5 53. Qb2 Rd5 54. Qc3 Rh8 55. g6 fxg6 56. f7 Rf8 57. Nxd3 Ne6 58. Re4 Qd7 59. Kc2 Qxf7 60. Rde1 Rd6 61. Kb2 Rfd8 62. R1e3 Qd7 63. Ne5 Rd2+ 64. Ka3 Qd6+ 65. Qb4 Nc7 66. Qxd6 Nb5+ 67. Kb4 Nxd6 68. Nxg6 Nxe4 69. Rxe4 Rxa2 70. f5 Rf2 71. Re5 Rd6 72. Kc5 Rc6+ 73. Kd4 Rb6 74. Re8+ Ka7 75. Ne7 Rxb3 76. f6 a5 77. Nc8+ Ka6 78. Re6+ b6 79. Nd6 a4 80. f7 a3 81. Re8 Rxf7 82. Nxf7 a2 83. Ra8+ Kb7 84. Rxa2 1/2-1/2

[Event "Menton op 20th"]
[Site "Menton"]
[Date "2023.10.24"]
[Round "4"]
[White "Midoux, Sebastien"]
[Black "Shatil, Shir"]
[Result "1/2-1/2"]
[WhiteElo "2083"]
[BlackElo "2152"]
[PlyCount "38"]
[EventDate "2023.10.22"]
[EventType "swiss"]
[EventRounds "9"]
[EventCountry "FRA"]
[SourceTitle "EXT 2025"]
[Source "ChessBase"]
[SourceDate "2024.10.14"]
[SourceVersion "1"]
[SourceVersionDate "2024.10.14"]
[SourceQuality "1"]

1. e4 e6 2. d4 d5 3. e5 c5 4. c3 Nc6 5. Nf3 Qb6 6. Bd3 cxd4 7. 0-0 Bd7 8. Re1 Nge7 9. h4 a6 10. h5 h6 11. Nbd2 dxc3 12. bxc3 Na5 13. Ba3 Rc8 14. Rb1 Qa7 15. Qe2 b5 16. g4 Rg8 17. Bh7 Rh8 18. Bd3 Rg8 19. Bh7 Rh8 1/2-1/2

[Event "Menton op 19th"]
[Site "Menton"]
[Date "2022.10.30"]
[Round "9"]
[White "Christiansen, Johan Sebastian"]
[Black "Midoux, Sebastien"]
[Result "1-0"]
[WhiteElo "2576"]
[BlackElo "2239"]
[PlyCount "77"]
[EventDate "2022.10.23"]
[EventType "swiss"]
[EventRounds "9"]
[EventCountry "FRA"]
[SourceTitle "EXT 2024"]
[Source "ChessBase"]
[SourceDate "2023.10.10"]
[SourceVersion "1"]
[SourceVersionDate "2023.10.10"]
[SourceQuality "1"]

1. c4 e5 2. g3 Nc6 3. Nc3 g6 4. Bg2 Bg7 5. d3 Nf6 6. Nf3 0-0 7. 0-0 d6 8. b3 Re8 9. Bb2 Bg4 10. h3 Bd7 11. Qd2 h6 12. Rac1 Nh7 13. Nd5 Ne7 14. Nh2 c6 15. Nxe7+ Qxe7 16. b4 Rad8 17. a4 a6 18. Ba3 Be6 19. b5 axb5 20. cxb5 cxb5 21. axb5 Qd7 22. b6 Rc8 23. Rxc8 Rxc8 24. Rc1 Bf8 25. Ng4 h5 26. Ne3 Nf6 27. Kh2 Be7 28. Rxc8+ Qxc8 29. d4 e4 30. d5 Bd7 31. Qb2 Be8 32. h4 Bd7 33. Qd4 Bb5 34. Bh3 Qa8 35. Bxd6 Bxd6 36. Qxf6 Qa3 37. Be6 Be8 38. Qxg6+ Kf8 39. Qh6+ 1-0

[Event "Menton op 19th"]
[Site "Menton"]
[Date "2022.10.26"]
[Round "5"]
[White "Midoux, Sebastien"]
[Black "Govciyan, Pavel"]
[Result "0-1"]
[WhiteElo "2239"]
[BlackElo "2460"]
[PlyCount "62"]
[EventDate "2022.10.23"]
[EventType "swiss"]
[EventRounds "9"]
[EventCountry "FRA"]
[SourceTitle "EXT 2024"]
[Source "ChessBase"]
[SourceDate "2023.10.10"]
[SourceVersion "1"]
[SourceVersionDate "2023.10.10"]
[SourceQuality "1"]

1. e4 c5 2. Nf3 g6 3. c3 d5 4. exd5 Qxd5 5. Na3 Bg7 6. Bc4 Qe4+ 7. Be2 Nf6 8. Nb5 Na6 9. 0-0 0-0 10. Re1 Qd5 11. d4 cxd4 12. Nfxd4 e6 13. a4 Rd8 14. Be3 e5 15. Nb3 Be6 16. Na5 b6 17. Qxd5 Nxd5 18. Nc6 Rd7 19. a5 Nxe3 20. fxe3 bxa5 21. Bf3 Re8 22. Rxa5 Nc5 23. Ncxa7 e4 24. Be2 Bh6 25. Nd4 Nd3 26. Bxd3 exd3 27. Nac6 Bg4 28. Ne5 d2 29. Rea1 Bxe3+ 30. Kf1 Rxe5 31. Rxe5 Bxd4 0-1

[Event "Cannes op 33rd"]
[Site "Cannes"]
[Date "2019.02.18"]
[Round "1"]
[White "Midoux, Sebastien"]
[Black "Ghasi, Ameet K"]
[Result "0-1"]
[WhiteElo "2234"]
[BlackElo "2503"]
[PlyCount "82"]
[EventDate "2019.02.18"]
[EventType "swiss"]
[EventRounds "9"]
[EventCountry "FRA"]
[SourceTitle "CBM 189 Extra"]
[Source "ChessBase"]
[SourceDate "2019.05.31"]
[SourceVersion "1"]
[SourceVersionDate "2019.05.31"]
[SourceQuality "1"]

1. e4 d6 2. d4 Nf6 3. Bd3 e5 4. c3 g6 5. h3 Bg7 6. Nf3 0-0 7. 0-0 Nc6 8. Re1 Nh5 9. Bb5 Bd7 10. d5 Nb8 11. Bxd7 Nxd7 12. c4 a5 13. Nc3 Nc5 14. Be3 Nf4 15. Qc2 Qd7 16. Rad1 b6 17. Bxf4 exf4 18. Qd2 a4 19. e5 dxe5 20. Nxe5 Qf5 21. Nc6 Kh8 22. Nb5 Na6 23. Qe2 Bf6 24. Ncd4 Qd7 25. Qg4 Qxg4 26. hxg4 Rfe8 27. Kf1 Kg7 28. b3 Rh8 29. Nf3 h6 30. Re4 g5 31. Nbd4 axb3 32. axb3 h5 33. Ne5 Nc5 34. Nf5+ Kf8 35. Ree1 hxg4 36. Kg1 Bxe5 37. Rxe5 Nxb3 38. Re7 Nd4 39. Re5 f6 40. Re6 Nxe6 41. dxe6 Rh7 0-1

[Event "Menton op 17th"]
[Site "Menton"]
[Date "2018.10.26"]
[Round "8"]
[White "Midoux, Sebastien"]
[Black "Cornette, Matthieu"]
[Result "0-1"]
[WhiteElo "2268"]
[BlackElo "2584"]
[PlyCount "59"]
[EventDate "2018.10.21"]
[EventType "swiss"]
[EventRounds "9"]
[EventCountry "FRA"]
[SourceTitle "CBM 187 Extra"]
[Source "ChessBase"]
[SourceDate "2018.11.04"]
[SourceVersion "1"]
[SourceVersionDate "2018.11.04"]
[SourceQuality "1"]

1. e4 c6 2. d4 d5 3. e5 Bf5 4. Be3 e6 5. Nd2 Nd7 6. Ngf3 Bg6 7. Be2 Nh6 8. c3 f6 9. exf6 Qxf6 10. Qb3 Rb8 11. Bg5 Qf7 12. Bxh6 gxh6 13. Nh4 Bd6 14. Nxg6 hxg6 15. g3 0-0 16. Rf1 e5 17. dxe5 Bxe5 18. 0-0-0 b5 19. Qc2 Nc5 20. Nf3 Bg7 21. Nd4 Qf6 22. Bf3 Kh8 23. Bg2 b4 24. Nb3 bxc3 25. bxc3 Qg5+ 26. f4 Qe7 27. Nxc5 Qxc5 28. Kd2 d4 29. Qd3 Rb2+ 30. Kc1 0-1

[Event "Menton op 17th"]
[Site "Menton"]
[Date "2018.10.23"]
[Round "3"]
[White "Lo Iacono, Sebastien"]
[Black "Midoux, Sebastien"]
[Result "0-1"]
[WhiteElo "1923"]
[BlackElo "2268"]
[PlyCount "82"]
[EventDate "2018.10.21"]
[EventType "swiss"]
[EventRounds "9"]
[EventCountry "FRA"]
[SourceTitle "CBM 187 Extra"]
[Source "ChessBase"]
[SourceDate "2018.11.04"]
[SourceVersion "1"]
[SourceVersionDate "2018.11.04"]
[SourceQuality "1"]

1. e4 c6 2. d4 d5 3. Nd2 dxe4 4. Nxe4 Nf6 5. Nxf6+ exf6 6. c3 Bd6 7. Bd3 0-0 8. Ne2 Qc7 9. f4 Re8 10. 0-0 Bg4 11. Qc2 Bxe2 12. Bxe2 c5 13. Bd3 g6 14. dxc5 Bxc5+ 15. Kh1 f5 16. Bd2 Nd7 17. Rae1 Nf6 18. Bb5 Rxe1 19. Rxe1 a6 20. Be2 Re8 21. Bf3 Rxe1+ 22. Bxe1 Qxf4 23. Qe2 Ne4 24. g3 Qc1 25. Kg2 h5 26. c4 Bd4 27. b3 Qb1 28. b4 Kg7 29. a4 Kf6 30. c5 Ke5 31. Kf1 Bc3 32. b5 axb5 33. axb5 Bxe1 34. Qxe1 Qxb5+ 35. Kg2 Qxc5 36. Qe2 b5 37. Qb2+ Ke6 38. Qa2+ Kf6 39. Qa6+ Nd6 40. Qa5 Qd4 41. Qa8 Kg7 0-1

[Event "Reykjavik op"]
[Site "Reykjavik"]
[Date "2018.03.12"]
[Round "7"]
[White "Hjartarson, Johann"]
[Black "Midoux, Sebastien"]
[Result "1-0"]
[WhiteElo "2513"]
[BlackElo "2319"]
[PlyCount "69"]
[EventDate "2018.03.06"]
[EventType "swiss"]
[EventRounds "9"]
[EventCountry "ISL"]
[SourceTitle "CBM 183 Extra"]
[Source "ChessBase"]
[SourceDate "2018.04.19"]
[SourceVersion "1"]
[SourceVersionDate "2018.04.19"]
[SourceQuality "1"]

1. d4 Nf6 2. c4 g6 3. Nc3 d5 4. Nf3 Bg7 5. e3 0-0 6. cxd5 Nxd5 7. Bc4 Nb6 8. Bb3 c5 9. 0-0 cxd4 10. exd4 Bg4 11. d5 N8d7 12. h3 Bxf3 13. Qxf3 Nf6 14. Re1 Nc8 15. Bf4 a6 16. Re2 Nd6 17. g4 Qd7 18. Rae1 Rae8 19. Be5 h5 20. Qg3 hxg4 21. hxg4 Nh7 22. f3 Bxe5 23. Rxe5 Kg7 24. R1e2 Rh8 25. Qe1 Nf6 26. Rxe7 Rxe7 27. Rxe7 Qc8 28. Qe5 Qc5+ 29. Kg2 Kf8 30. Qxf6 Rh2+ 31. Kxh2 Qf2+ 32. Kh3 Qf1+ 33. Kh4 Qh1+ 34. Kg5 Qc1+ 35. f4 1-0

[Event "Reykjavik op"]
[Site "Reykjavik"]
[Date "2018.03.07"]
[Round "3"]
[White "Ingvason, Johann"]
[Black "Midoux, Sebastien"]
[Result "1-0"]
[WhiteElo "2126"]
[BlackElo "2319"]
[PlyCount "69"]
[EventDate "2018.03.06"]
[EventType "swiss"]
[EventRounds "9"]
[EventCountry "ISL"]
[SourceTitle "CBM 183 Extra"]
[Source "ChessBase"]
[SourceDate "2018.04.19"]
[SourceVersion "1"]
[SourceVersionDate "2018.04.19"]
[SourceQuality "1"]

1. e4 e6 2. d4 d5 3. Nc3 dxe4 4. Nxe4 Bd7 5. Nf3 Bc6 6. Bd3 Nd7 7. 0-0 Ngf6 8. Qe2 Nxe4 9. Bxe4 Bxe4 10. Qxe4 c6 11. Bf4 Be7 12. Rad1 0-0 13. Rd3 Nf6 14. Qe2 Nd5 15. Bd2 Bd6 16. Ne5 Qe8 17. Re1 Rd8 18. c3 b5 19. Qg4 f5 20. Qf3 Bxe5 21. Rxe5 Qd7 22. Qe2 Rde8 23. Qh5 Nf6 24. Qh4 Ne4 25. Rh3 g6 26. Bh6 Rf7 27. Re3 b4 28. f3 Nd6 29. Rc5 Nb5 30. Bf4 bxc3 31. bxc3 Nc7 32. Bxc7 Qxc7 33. Qe1 Rfe7 34. Qe2 Qb6 35. Qc4 1-0

[Event "FRA-ch Accession"]
[Site "Agen"]
[Date "2017.08.19"]
[Round "4"]
[White "Demuth, Adrien"]
[Black "Midoux, Sebastien"]
[Result "1-0"]
[WhiteElo "2540"]
[BlackElo "2321"]
[PlyCount "99"]
[EventDate "2017.08.19"]
[EventType "swiss"]
[EventRounds "9"]
[EventCountry "FRA"]
[SourceTitle "CBM 180 Extra"]
[Source "ChessBase"]
[SourceDate "2017.10.06"]
[SourceVersion "1"]
[SourceVersionDate "2017.10.06"]
[SourceQuality "1"]

1. Nf3 d5 2. c4 d4 3. b4 g5 4. Bb2 Bg7 5. Nxg5 e5 6. Ne4 f5 7. Nc5 Nf6 8. e3 0-0 9. exd4 exd4 10. Be2 a5 11. 0-0 axb4 12. a3 b6 13. Nb3 d3 14. Bf3 Ne4 15. axb4 Rxa1 16. Bxa1 Bxa1 17. Nxa1 Qd4 18. Nc3 Nxc3 19. dxc3 Qxc4 20. Qd2 Be6 21. Rd1 Nd7 22. Qxd3 Qxd3 23. Rxd3 Ne5 24. Re3 Nxf3+ 25. gxf3 Kf7 26. f4 Rg8+ 27. Rg3 Rd8 28. Nc2 c5 29. bxc5 bxc5 30. Re3 Rg8+ 31. Rg3 Rd8 32. Ne1 Rd1 33. Re3 Kf6 34. Kg2 Bd5+ 35. Kg3 Be4 36. f3 Bb1 37. Ng2 Rd2 38. Re5 c4 39. Ne3 Bd3 40. Rc5 Re2 41. Rc6+ Kg7 42. Nxc4 Bxc4 43. Rxc4 Rc2 44. Rc6 h6 45. c4 Rc3 46. h4 Rc2 47. h5 Kh7 48. c5 Rc4 49. Kf2 Rxf4 50. Rd6 1-0

[Event "Vaujany op-A 8th"]
[Site "Vaujany"]
[Date "2017.07.17"]
[Round "5.18"]
[White "Geher, Koppany"]
[Black "Midoux, Sebastien"]
[Result "0-1"]
[WhiteElo "1973"]
[BlackElo "2339"]
[PlyCount "128"]
[EventDate "2017.07.13"]
[EventType "swiss"]
[EventRounds "9"]
[EventCountry "FRA"]
[SourceTitle "EXT 2020"]
[Source "ChessBase"]
[SourceDate "2019.10.17"]
[SourceVersion "1"]
[SourceVersionDate "2019.10.17"]
[SourceQuality "1"]

1. e4 e5 2. Nf3 Nc6 3. Bb5 a6 4. Ba4 Nf6 5. d3 d6 6. c3 g6 7. 0-0 Bg7 8. Nbd2 0-0 9. Re1 b5 10. Bb3 Bb7 11. a4 Na5 12. Bc2 c5 13. Nf1 h6 14. Ng3 Qc7 15. b4 cxb4 16. cxb4 Nc6 17. Bd2 d5 18. Bb3 Rad8 19. Qe2 Rfe8 20. Rec1 bxa4 21. Bxa4 Qb6 22. Bxc6 Bxc6 23. b5 Bxb5 24. Ba5 Qb8 25. Bxd8 Qxd8 26. Qd2 h5 27. h4 Qb6 28. Qa5 Qxa5 29. Rxa5 Bxd3 30. exd5 e4 31. Ne1 Bb5 32. Rd1 e3 33. fxe3 Rxe3 34. Nf3 Ng4 35. d6 Re8 36. d7 Rd8 37. Ra2 Bf8 38. Ne4 Bb4 39. Rb2 Ba5 40. Rxb5 axb5 41. Rd6 Bc7 42. Rd2 f5 43. Neg5 Nf6 44. Ne6 Bb6+ 45. Kf1 Rxd7 46. Rxd7 Nxd7 47. Nf4 Kg7 48. Ke2 Ba7 49. Kd3 Bb8 50. Ne6+ Kf6 51. Ned4 Ne5+ 52. Nxe5 Bxe5 53. Nxb5 Bg3 54. Ke3 Bxh4 55. Kf3 Be1 56. Nd4 Bc3 57. Ne2 Be5 58. g3 Kg5 59. Ng1 h4 60. gxh4+ Kxh4 61. Kg2 Kg4 62. Nf3 Bd6 63. Ng1 g5 64. Nh3 Bc5 0-1

[Event "Vaujany op-A 7th"]
[Site "Vaujany"]
[Date "2016.07.24"]
[Round "9"]
[White "Midoux, Sebastien"]
[Black "Nastro, Federico"]
[Result "1-0"]
[WhiteElo "2343"]
[BlackElo "2071"]
[PlyCount "67"]
[EventDate "2016.07.16"]
[EventType "swiss"]
[EventRounds "9"]
[EventCountry "FRA"]
[SourceTitle "EXT 2019"]
[Source "ChessBase"]
[SourceDate "2018.10.10"]
[SourceVersion "1"]
[SourceVersionDate "2018.10.10"]
[SourceQuality "1"]

1. d4 Nf6 2. c4 c5 3. d5 e6 4. Nc3 exd5 5. cxd5 d6 6. Nf3 g6 7. g3 Bg7 8. Bg2 0-0 9. 0-0 Qe7 10. Re1 Re8 11. Bf4 a6 12. a4 Nbd7 13. a5 Rb8 14. e4 Nh5 15. Bg5 f6 16. Bd2 Ne5 17. Nxe5 fxe5 18. b4 cxb4 19. Na4 b5 20. axb6 a5 21. Nb2 Rxb6 22. Nc4 Rb5 23. Nxa5 Bd7 24. Bf1 Rbb8 25. Nc6 Bxc6 26. dxc6 Rec8 27. Qa4 Qc7 28. Rec1 Nf6 29. Bxb4 Ng4 30. Bc4+ Kh8 31. Be6 Nxf2 32. Kxf2 Qb6+ 33. Kg2 Qd4 34. Bc3 1-0

[Event "Reykjavik op"]
[Site "Reykjavik"]
[Date "2016.03.10"]
[Round "4"]
[White "Midoux, Sebastien"]
[Black "Santeramo, Alessia Carmen"]
[Result "0-1"]
[WhiteElo "2342"]
[BlackElo "2095"]
[PlyCount "84"]
[EventDate "2016.03.08"]
[EventType "swiss"]
[EventRounds "10"]
[EventCountry "ISL"]
[SourceTitle "CBM 171 Extra"]
[Source "ChessBase"]
[SourceDate "2016.04.26"]
[SourceVersion "1"]
[SourceVersionDate "2016.04.26"]
[SourceQuality "1"]

1. Nf3 Nf6 2. g3 c5 3. Bg2 Nc6 4. 0-0 e5 5. c4 d5 6. cxd5 Nxd5 7. Nc3 Nc7 8. d3 Be7 9. Nd2 0-0 10. Nc4 f6 11. Bxc6 bxc6 12. Qa4 Bd7 13. Bd2 Nb5 14. Rfc1 Qc7 15. Qd1 Rad8 16. Na4 Qb8 17. Na5 Nd4 18. b3 Qb5 19. Nc4 Bg4 20. f3 Be6 21. Kf2 Bd5 22. Rab1 Qb8 23. Na5 f5 24. Nc3 e4 25. Bf4 Qb4 26. Nxd5 cxd5 27. Qd2 Qb6 28. Kg2 Rde8 29. fxe4 fxe4 30. dxe4 dxe4 31. e3 Nf3 32. Qd5+ Kh8 33. Nc6 Bf6 34. Rc2 Rc8 35. Qxc5 Qxc5 36. Rxc5 Rfd8 37. Nxd8 Rxc5 38. Rd1 Rc2+ 39. Kf1 Nxh2+ 40. Kg1 Nf3+ 41. Kf1 Nd2+ 42. Kg1 Bxd8 0-1

[Event "Barcelona Sants op 17th"]
[Site "Barcelona"]
[Date "2015.08.26"]
[Round "6"]
[White "Midoux, Sebastien"]
[Black "Bellia, Fabrizio"]
[Result "1/2-1/2"]
[WhiteElo "2344"]
[BlackElo "2461"]
[PlyCount "115"]
[EventDate "2015.08.21"]
[EventType "swiss"]
[EventRounds "10"]
[EventCountry "ESP"]
[SourceTitle "EXT 2016"]
[Source "ChessBase"]
[SourceDate "2015.10.08"]
[SourceVersion "1"]
[SourceVersionDate "2015.10.08"]
[SourceQuality "1"]

1. e4 e5 2. Nf3 Nc6 3. Bb5 a6 4. Bxc6 dxc6 5. 0-0 f6 6. d4 exd4 7. e5 fxe5 8. Re1 Nf6 9. Rxe5+ Be7 10. Qe1 c5 11. h3 Rf8 12. c3 h6 13. cxd4 cxd4 14. Nxd4 Kf7 15. Qd1 Kg8 16. Qb3+ Kh8 17. Ne6 Bxe6 18. Rxe6 Nd5 19. Nc3 Nxc3 20. Qxc3 Bf6 21. Qb3 a5 22. a4 Qd7 23. Re2 Rad8 24. Be3 Qd3 25. Qxd3 Rxd3 26. Rc1 Rfd8 27. Bf4 c6 28. Be5 Rd1+ 29. Rxd1 Rxd1+ 30. Kh2 Bxe5+ 31. Rxe5 Rd2 32. Rxa5 Rxb2 33. Ra7 c5 34. a5 c4 35. a6 bxa6 36. Rxa6 Rxf2 37. Kg3 Rc2 38. Kf3 Kh7 39. Rc6 h5 40. h4 Rc1 41. Rc5 Kg6 42. Kg3 c3 43. Rg5+ Kh6 44. Rc5 Rc2 45. Rc6+ Kh7 46. Rc5 g6 47. Rc7+ Kg8 48. Kf3 Rc1 49. g3 Kf8 50. Kf4 c2 51. Kg5 Rg1 52. Rxc2 Rxg3+ 53. Kf6 Kg8 54. Rc7 Kh8 55. Ra7 Rg4 56. Rb7 Rxh4 57. Kxg6 Rg4+ 58. Kxh5 1/2-1/2